| 000 -ლიდერი |
| ფიქსირებული სიგრძის საკონტროლო ველი |
01188nam a2200253Ia 4500 |
| 001 - საკონტროლო ნომერი |
| საკონტროლო ველი |
233 |
| 003 - საკონტროლო ნომრის იდენტიფიკატორი |
| საკონტროლო ველი |
GE_BSU |
| 005 - ბოლო ოპერაციის თარიღი და დრო |
| საკონტროლო ველი |
20200131114725.0 |
| 008 - ფიქსირებული სიგრძის მონაცემთა ელემენტები - ზოგადი ინფორმაცია |
| ფიქსირებული სიგრძის საკონტროლო ველი |
181216s2009||||ge |||||||||||||| ||geo|| |
| 020 ## - წიგნის საერთაშორისო სტანდარტული ნომერი |
| International Standard Book Number |
9789941014000 |
| 040 ## - კატალოგიზაციის წყარო |
| Transcribing agency |
GE_BSU |
| 041 ## - ენის კოდი |
| Language code of text/sound track or separate title |
geo |
| 080 ## - უნივერსალური ათობითი კლასიფიკაციის ინდექსი |
| Universal Decimal Classification number |
631.8(075.8) ა-36 |
| 245 ## - ცნობა სათაურის შესახებ |
| Title |
აზოტიანი სასუქები : |
| Remainder of title |
მეთოდ. დამუშავება სტუდ. დამოუკ. მუშაობისთვის აგრონ. სპეც. / |
| Statement of responsibility, etc |
შემდგ. რ. ლიპარტელიანი ; რედ. ო. ზარდალიშვილი. |
| 264 ## - წარმოების, გამოცემის, დისტრიბუციის და სხვა ცნობები |
| გამოცემის, წარმოების, დისტრიბუციის... ადგილი |
თბილისი : |
| გამოცემის, წარმოების, დისტრიბუციის... სახელწოდება |
საქ.სახ.აგრარული უნ-ტი, |
| გამოცემის, წარმოების, დისტრიბუციის... თარიღი |
2009. |
| 300 ## - ფიზიკური აღწერა |
| Extent |
24 გვ. : |
| Other physical details |
ცხრ. ; |
| Dimensions |
20 სმ. |
| 504 ## - BIBLIOGRAPHY, ETC. NOTE |
| Bibliography, etc |
ბიბლიოგრ.: გვ. 24. |
| 653 ## - INDEX TERM--UNCONTROLLED |
| Uncontrolled term |
აგრონომია |
| 653 ## - INDEX TERM--UNCONTROLLED |
| Uncontrolled term |
აზოტიანი სასუქები |
| 700 ## - ADDED ENTRY--PERSONAL NAME |
| Personal name |
ლიპარტელიანი, რ. |
| Relator term |
შემდგენელი |
| 9 (RLIN) |
6491 |
| 700 ## - ADDED ENTRY--PERSONAL NAME |
| Personal name |
ზარდალიშვილი, ო. |
| Relator term |
რედაქტორი |
| 9 (RLIN) |
2501 |
| 942 ## - ADDED ENTRY ELEMENTS (KOHA) |
| Koha item type |
წიგნი |
| Source of classification or shelving scheme |
|